[Event "BL 1213 SG Turm Trier - SC Eppingen"]
[Site "?"]
[Date "2013.04.07"]
[Round "15.6"]
[White "Galyas, Miklos"]
[Black "Medvegy, Zoltan"]
[Result "0-1"]
[WhiteElo "2423"]
[BlackElo "2561"]
[PlyCount "174"]
[EventDate "2013.??.??"]

1. d4 Nf6 2. Nf3 e6 3. e3 b6 4. Bd3 Bb7 5. O-O Be7 6. c4 c5 7. Nc3 d5 8. cxd5
Nxd5 9. Bb5+ Bc6 10. Qa4 Qd7 11. Nxd5 Bxb5 12. Qxb5 exd5 13. Qxd7+ Kxd7 14. Bd2
Nc6 15. dxc5 bxc5 16. Rfd1 Ke6 17. Rac1 Rhc8 18. Rc2 a5 19. Bc3 f6 20. Rcd2 Rd8
21. Ne1 g5 22. g3 Ra7 23. Kf1 Nb4 24. b3 Nc6 25. f4 a4 26. bxa4 Rxa4 27. Rb1
gxf4 28. gxf4 Ra3 29. Rb6 Rxc3 30. Rxc6+ Rd6 31. Rxd6+ Bxd6 32. Ke2 d4 33. exd4
Bxf4 34. Rd3 cxd4 35. Rxd4 Kf5 36. a4 Re3+ 37. Kf2 Ra3 38. Ng2 Bxh2 39. Rb4
Bg3+ 40. Ke2 Kg5 41. Ne3 h5 42. Rb5+ Be5 43. a5 Ra4 44. Rc5 h4 45. Rc8 Kg6 46.
Rg8+ Kf7 47. Rh8 Bg3 48. Ra8 Bf4 49. Kf3 Bg5 50. Nf1 Ra3+ 51. Kg4 Ra4+ 52. Kh3
Kg6 53. a6 Kf5 54. a7 Ra2 55. Nh2 Ra3+ 56. Kg2 Ra2+ 57. Kf3 Ra3+ 58. Ke2 Kf4
59. Nf1 Ra2+ 60. Kd3 Kf3 61. Nh2+ Kg3 62. Nf1+ Kg2 63. Ne3+ Kf3 64. Nd5 Ra3+
65. Kc4 Kf2 66. Nc3 h3 67. Rh8 Rxa7 68. Rxh3 f5 69. Rh5 Rg7 70. Nd5 f4 71. Nxf4
Bxf4 72. Kd5 Kf3 73. Rh3+ Bg3 74. Rh8 Rd7+ 75. Kc4 Ke4 76. Re8+ Be5 77. Kc5
Rc7+ 78. Kb6 Rc2 79. Kb5 Kd5 80. Rd8+ Bd6 81. Rh8 Rb2+ 82. Ka4 Bc5 83. Rh5+ Kc4
84. Rh4+ Bd4 85. Ka3 Rb1 86. Rh2 Rb7 87. Rc2+ Bc3 0-1

[Event "BL 1213 SG Turm Trier - SC Eppingen"]
[Site "?"]
[Date "2013.04.07"]
[Round "15.7"]
[White "Vogt, Lothar"]
[Black "Seger, Ruediger"]
[Result "1/2-1/2"]
[WhiteElo "2397"]
[BlackElo "2390"]
[PlyCount "67"]
[EventDate "2013.??.??"]

1. e4 c6 2. d4 d5 3. Nd2 dxe4 4. Nxe4 Bf5 5. Ng3 Bg6 6. h4 h6 7. Nf3 Nd7 8. h5
Bh7 9. Bd3 Bxd3 10. Qxd3 e6 11. Bd2 Ngf6 12. O-O-O Be7 13. Ne4 Nxe4 14. Qxe4
Nf6 15. Qe2 Qd5 16. c4 Qe4 17. Qxe4 Nxe4 18. Be3 f5 19. Nd2 Nxd2 20. Kxd2 Rd8
21. Ke2 Bf6 22. Rd3 Kf7 23. Rhd1 Rhe8 24. f4 Re7 25. b3 Red7 26. a4 a6 27. a5
Be7 28. Bf2 Bf6 29. Ke3 Be7 30. Be1 Rg8 31. Kf3 g5 32. hxg6+ Rxg6 33. Bf2 Bd6
34. g3 1/2-1/2

[Event "BL 1213 SG Turm Trier - SC Eppingen"]
[Site "?"]
[Date "2013.04.07"]
[Round "15.8"]
[White "Yankelevich, Lev"]
[Black "Noe, Christopher"]
[Result "0-1"]
[WhiteElo "2178"]
[BlackElo "2192"]
[PlyCount "118"]
[EventDate "2013.??.??"]

1. e4 e5 2. Nf3 Nc6 3. Bb5 a6 4. Ba4 Nf6 5. d3 b5 6. Bb3 Be7 7. a4 Rb8 8. axb5
axb5 9. Nc3 O-O 10. Nd5 d6 11. Nxe7+ Qxe7 12. c3 Be6 13. Bc2 d5 14. exd5 Bxd5
15. O-O b4 16. Qe2 bxc3 17. bxc3 Qc5 18. Ba3 Qxc3 19. Bxf8 Bxf3 20. Qxf3 Nd4
21. Qd1 Kxf8 22. Ba4 Rb2 23. Qe1 Ne2+ 24. Kh1 Qd4 25. Qa5 g6 26. Qa8+ Kg7 27.
Qf3 Nf4 28. Ra3 Rd2 29. Kg1 Nxd3 30. Qe3 Qxe3 31. fxe3 Nd5 32. Rd1 Rxd1+ 33.
Bxd1 N5b4 34. Rc3 c5 35. e4 f5 36. Bf3 Kf6 37. Kf1 Ke6 38. g4 fxg4 39. Bxg4+
Kd6 40. Be2 Nf4 41. Bc4 g5 42. Kf2 h5 43. Ra3 Nc6 44. Ra6 Kc7 45. Bd5 Nd4 46.
Ra7+ Kd6 47. Bc4 g4 48. Rh7 Nf3 49. Rh6+ Ke7 50. Kg3 Nd2 51. Bd5 Nf1+ 52. Kf2
Nxh2 53. Bc4 Nf3 54. Ba6 Ng5 55. Bb7 Nf7 56. Ra6 h4 57. Bc8 g3+ 58. Kg1 Ng5 59.
Ra3 h3 0-1

[Event "BL 1213 SV Wattenscheid - SV Mülheim No"]
[Site "?"]
[Date "2013.04.07"]
[Round "15.2"]
[White "Rustemov, Alexander"]
[Black "Navara, David"]
[Result "1/2-1/2"]
[WhiteElo "2544"]
[BlackElo "2722"]
[PlyCount "180"]
[EventDate "2013.??.??"]

1. Nf3 Nf6 2. c4 e6 3. Nc3 Bb4 4. Qc2 d6 5. g3 O-O 6. Bg2 e5 7. O-O c5 8. d3 h6
9. a3 Bxc3 10. Qxc3 Nc6 11. e3 Re8 12. b3 Bf5 13. Bb2 Qd7 14. Rfe1 a5 15. Nd2
Rab8 16. Qc2 b6 17. Rab1 Bh3 18. Bh1 d5 19. cxd5 Nxd5 20. Nc4 h5 21. Rbd1 Bg4
22. f3 Bh3 23. Qf2 Re6 24. f4 exf4 25. exf4 Rbe8 26. Ne5 Nxe5 27. fxe5 Bg4 28.
Rd2 Ne7 29. d4 cxd4 30. Qxd4 Qxd4+ 31. Rxd4 Ng6 32. Rde4 R6e7 33. Bd4 b5 34.
R4e3 Rc8 35. b4 axb4 36. axb4 Rd7 37. Bc5 Rd2 38. Bb7 Rc7 39. Bg2 Nf8 40. h3
Bd7 41. R3e2 Rd3 42. Re3 Rd2 43. R1e2 Rxe2 44. Rxe2 Ne6 45. Rc2 Nxc5 46. bxc5
Kf8 47. c6 Ke7 48. Rb2 Bxc6 49. Bxc6 Rxc6 50. Rxb5 Ke6 51. Kf2 Rc2+ 52. Kf3 g5
53. h4 Rc3+ 54. Kf2 g4 55. Rb6+ Kxe5 56. Rb5+ Ke4 57. Rb4+ Kd5 58. Rf4 Ke6 59.
Re4+ Kf5 60. Re2 Kg6 61. Ra2 Rc6 62. Ra5 Rc2+ 63. Kf1 f6 64. Rb5 Rc6 65. Kf2 f5
66. Ra5 Kf6 67. Rb5 Rc2+ 68. Ke3 Rc3+ 69. Kf2 Rf3+ 70. Kg2 Rd3 71. Kf2 Ke6 72.
Ra5 Rd5 73. Ra8 Rc5 74. Re8+ Kd6 75. Rd8+ Ke5 76. Re8+ Kd4 77. Rd8+ Ke4 78.
Re8+ Kd4 79. Rd8+ Rd5 80. Re8 Kc3 81. Rc8+ Kd3 82. Re8 Kd2 83. Re2+ Kc3 84. Re8
Rd2+ 85. Ke3 Rd3+ 86. Kf2 Rf3+ 87. Kg2 Kd2 88. Re5 Kd3 89. Ra5 Ke4 90. Ra4+ Ke5
1/2-1/2

[Event "BL 1213 SV Wattenscheid - SV Mülheim No"]
[Site "?"]
[Date "2013.04.07"]
[Round "15.3"]
[White "Fridman, Daniel"]
[Black "Appel, Ralf"]
[Result "1-0"]
[WhiteElo "2670"]
[BlackElo "2525"]
[PlyCount "77"]
[EventDate "2013.??.??"]

1. Nf3 d6 2. d4 Nf6 3. g3 c5 4. c4 cxd4 5. Nxd4 Nc6 6. Bg2 Bd7 7. Nc3 a6 8. O-O
e6 9. Nxc6 Bxc6 10. Bxc6+ bxc6 11. Qa4 Qc7 12. Bf4 Nd7 13. b4 Be7 14. c5 e5 15.
cxd6 Bxd6 16. Be3 O-O 17. Rac1 Nb6 18. Qb3 Rab8 19. Rfd1 Be7 20. a3 Qb7 21. Ne4
Rfe8 22. Nd6 Bxd6 23. Rxd6 Nd5 24. Rdxc6 Rbd8 25. Bg5 Rd7 26. e4 h6 27. exd5
hxg5 28. d6 Red8 29. Qd3 a5 30. Rc7 e4 31. Qe2 Qa8 32. Qc4 axb4 33. axb4 Kh7
34. Re1 f6 35. Qe6 Qa4 36. Qxe4+ Kh6 37. h4 Rxd6 38. hxg5+ fxg5 39. Kg2 1-0

[Event "BL 1213 SV Wattenscheid - SV Mülheim No"]
[Site "?"]
[Date "2013.04.07"]
[Round "15.4"]
[White "Johannessen, Leif Erlend"]
[Black "Landa, Konstantin"]
[Result "0-1"]
[WhiteElo "2520"]
[BlackElo "2641"]
[PlyCount "80"]
[EventDate "2013.??.??"]

1. Nf3 Nf6 2. g3 b6 3. Bg2 Bb7 4. O-O e6 5. c4 Be7 6. Nc3 O-O 7. d4 Ne4 8. Bd2
d5 9. cxd5 exd5 10. Rc1 Nd7 11. Bf4 c5 12. dxc5 Ndxc5 13. Be5 a5 14. Qc2 Qd7
15. Rfd1 Qe6 16. Qb1 Rac8 17. e3 Rfd8 18. Ne2 Qf5 19. Ned4 Qd7 20. Ne2 Qf5 21.
Ned4 Qh5 22. h3 f6 23. Bf4 Qf7 24. g4 h5 25. b3 Re8 26. a3 Bf8 27. Qb2 Ba6 28.
Ne1 h4 29. Bf1 Bb7 30. Nef3 g6 31. Bb5 Red8 32. Bh2 Ng5 33. Nxg5 fxg5 34. Be5
Qe7 35. f4 Bg7 36. Bxg7 Qxe3+ 37. Kh1 Ne4 38. Be5 Nf2+ 39. Kg2 Qxh3+ 40. Kxf2
Qh2+ 0-1

[Event "BL 1213 SV Wattenscheid - SV Mülheim No"]
[Site "?"]
[Date "2013.04.07"]
[Round "15.5"]
[White "Berelowitsch, Alexander"]
[Black "Holzke, Frank Dr"]
[Result "1-0"]
[WhiteElo "2565"]
[BlackElo "2521"]
[PlyCount "71"]
[EventDate "2013.??.??"]

1. e4 c5 2. Nf3 d6 3. d4 cxd4 4. Nxd4 Nf6 5. Nc3 a6 6. g3 e5 7. Nb3 Be7 8. Bg2
b5 9. a4 b4 10. Nd5 Nxd5 11. Qxd5 Ra7 12. Be3 Be6 13. Qd3 Rd7 14. O-O Qc7 15.
Rfc1 O-O 16. c3 bxc3 17. Rxc3 Qb7 18. Na5 Qb4 19. Nc4 Rc7 20. Nb6 Rxc3 21. Qxc3
Qxc3 22. bxc3 Nd7 23. a5 Rb8 24. Bf1 Bd8 25. Rb1 Nc5 26. Bxc5 dxc5 27. Bxa6 g6
28. Rb2 Kg7 29. Kg2 h5 30. Kf3 Bc7 31. Ke3 h4 32. Bc4 hxg3 33. hxg3 Bc8 34. Rb3
Bd8 35. Nxc8 Rxc8 36. a6 1-0

[Event "BL 1213 SV Wattenscheid - SV Mülheim No"]
[Site "?"]
[Date "2013.04.07"]
[Round "15.6"]
[White "Hirneise, Tobias"]
[Black "Feygin, Michael"]
[Result "1/2-1/2"]
[WhiteElo "2448"]
[BlackElo "2538"]
[PlyCount "43"]
[EventDate "2013.??.??"]

1. d4 e6 2. Nf3 Nf6 3. c4 Bb4+ 4. Bd2 a5 5. g3 d5 6. Qc2 c5 7. dxc5 d4 8. Ne5
Bxc5 9. Bg2 O-O 10. O-O Nbd7 11. Nd3 h6 12. f4 Qe7 13. Na3 e5 14. fxe5 Nxe5 15.
Bf4 Neg4 16. Nb5 Bf5 17. Qd2 Bxd3 18. exd3 Ne3 19. Bxe3 dxe3 20. Qe2 Rad8 21.
Nc3 b6 22. Nd5 1/2-1/2

[Event "BL 1213 SV Wattenscheid - SV Mülheim No"]
[Site "?"]
[Date "2013.04.07"]
[Round "15.8"]
[White "Straeter, Timo"]
[Black "Saltaev, Mihail"]
[Result "1/2-1/2"]
[WhiteElo "2360"]
[BlackElo "2479"]
[PlyCount "84"]
[EventDate "2013.??.??"]

1. d4 Nf6 2. c4 d6 3. Nc3 Nbd7 4. Nf3 c6 5. Bg5 h6 6. Bh4 g5 7. Bg3 Nh5 8. e3
Bg7 9. Qc2 Ndf6 10. Bd3 Nxg3 11. hxg3 Bd7 12. O-O e6 13. d5 O-O 14. Rad1 Rc8
15. dxe6 fxe6 16. c5 d5 17. Ne5 Be8 18. Bg6 Nd7 19. Nxd7 Bxd7 20. Qa4 b5 21.
cxb6 Qxb6 22. Rd2 Rf6 23. Bb1 Be8 24. Qd1 Rb8 25. Ne2 e5 26. g4 e4 27. Ng3 Bg6
28. Nh5 Rf7 29. Nxg7 Kxg7 30. Qc1 Rf6 31. Qc3 Qb4 32. Qc1 Qb6 33. Qc3 Qb4 34.
Qc1 Rbf8 35. Rd4 Qe7 36. Qc3 R8f7 37. Bc2 Qe5 38. Ra4 Qxc3 39. bxc3 Rb7 40. Bb3
Rd6 41. Rd1 Kf6 42. c4 Ke5 1/2-1/2

[Event "BL 1213 SG Solingen - SF Katernberg"]
[Site "?"]
[Date "2013.04.07"]
[Round "15.4"]
[White "Sandipan, Chanda"]
[Black "Zaragatski, Ilja"]
[Result "1/2-1/2"]
[WhiteElo "2596"]
[BlackElo "2460"]
[PlyCount "79"]
[EventDate "2013.??.??"]

1. d4 d6 2. Nf3 Nf6 3. Nbd2 Bg4 4. h3 Bh5 5. e4 e6 6. Bd3 c6 7. O-O d5 8. c3
Be7 9. exd5 cxd5 10. Bb5+ Nfd7 11. g4 Bg6 12. Ne5 a6 13. Qa4 f6 14. Nxg6 hxg6
15. Bd3 Kf7 16. Kg2 Nc6 17. Qc2 g5 18. Nf3 Bd6 19. Bd2 Nf8 20. Rh1 Rc8 21. a3
Qc7 22. h4 gxh4 23. Rxh4 Nxd4 24. Qd1 Rxh4 25. Nxh4 Nc6 26. g5 Bf4 27. gxf6
gxf6 28. Kh3 Qe5 29. Qc1 Bxd2 30. Qxd2 Qg5 31. Qxg5 fxg5 32. Nf3 Kf6 33. Rg1
Nd7 34. Nxg5 Rh8+ 35. Nh7+ Kf7 36. Bg6+ Ke7 37. Bc2 Kf7 38. Bg6+ Ke7 39. Bc2
Kf7 40. Bg6+ 1/2-1/2

[Event "BL 1213 SG Solingen - SF Katernberg"]
[Site "?"]
[Date "2013.04.07"]
[Round "15.5"]
[White "Kotainy, Jens"]
[Black "Smeets, Jan"]
[Result "1/2-1/2"]
[WhiteElo "2413"]
[BlackElo "2613"]
[PlyCount "91"]
[EventDate "2013.??.??"]

1. e4 g6 2. d4 Bg7 3. Nc3 d6 4. f4 Nf6 5. Nf3 O-O 6. Bd3 Na6 7. O-O c5 8. d5
Rb8 9. f5 Nb4 10. fxg6 fxg6 11. Be2 e6 12. a3 Na6 13. e5 dxe5 14. d6 Ne8 15.
Ne4 Bd7 16. Be3 h6 17. Qd2 Bc6 18. Qd3 Bxe4 19. Qxe4 Nxd6 20. Qxg6 Qe8 21. Qg4
Nf5 22. Bd2 Rd8 23. Bd3 b5 24. Rae1 c4 25. Be4 Nc5 26. Bb4 Nxe4 27. Rxe4 h5 28.
Qg5 Nd6 29. Bxd6 Rxd6 30. Rxe5 a6 31. Qg3 Rd5 32. Rfe1 Rxe5 33. Rxe5 Rf5 34.
Rxf5 exf5 35. Qg5 Qd7 36. h4 Qd1+ 37. Kh2 Qd6+ 38. Kh3 Qf6 39. Qxh5 Qxb2 40.
Qe8+ Bf8 41. Qe6+ Kh8 42. Qxf5 Qxa3 43. g3 Qe7 44. h5 Qe8 45. g4 a5 46. Ng5
1/2-1/2

[Event "BL 1213 SG Solingen - SF Katernberg"]
[Site "?"]
[Date "2013.04.07"]
[Round "15.6"]
[White "L'Ami, Erwin"]
[Black "Ris, Robert"]
[Result "1/2-1/2"]
[WhiteElo "2631"]
[BlackElo "2394"]
[PlyCount "103"]
[EventDate "2013.??.??"]

1. Nf3 Nf6 2. c4 b6 3. g3 Bb7 4. Bg2 g6 5. O-O Bg7 6. d4 O-O 7. Nc3 Ne4 8. Bd2
e6 9. Rc1 d5 10. cxd5 exd5 11. Bf4 Nxc3 12. Rxc3 c5 13. Be5 c4 14. Bxg7 Kxg7
15. Ne5 Nc6 16. Qd2 f6 17. Ng4 Qd7 18. h3 Rae8 19. Rd1 Ne7 20. b3 b5 21. bxc4
bxc4 22. Ra3 Bc6 23. Qa5 a6 24. Qd2 Bb5 25. Ne3 Rb8 26. Re1 Rb6 27. Nd1 Bc6 28.
g4 Qd6 29. Rg3 Rfb8 30. Nc3 Rb2 31. Qc1 g5 32. h4 h6 33. h5 Qf4 34. Qe3 Qxe3
35. Rxe3 Kf7 36. Rd1 Rc2 37. Kf1 Rbb2 38. Ke1 a5 39. Ra1 a4 40. Bf3 f5 41. Nd1
Rxa2 42. Ra3 Rxa1 43. Rxa1 f4 44. e3 Nc8 45. exf4 gxf4 46. Ra3 Rc1 47. Kd2 Rb1
48. Ra2 Nb6 49. Nc3 Rf1 50. Ke2 Rc1 51. Kd2 Rf1 52. Ke2 1/2-1/2

[Event "BL 1213 SG Solingen - SF Katernberg"]
[Site "?"]
[Date "2013.04.07"]
[Round "15.7"]
[White "Thesing, Matthias"]
[Black "Naumann, Alexander"]
[Result "1/2-1/2"]
[WhiteElo "2399"]
[BlackElo "2535"]
[PlyCount "115"]
[EventDate "2013.??.??"]

1. e4 e5 2. Nf3 Nc6 3. Nc3 Nf6 4. Bb5 Bc5 5. Bxc6 dxc6 6. d3 Qe7 7. Be3 Nd7 8.
O-O O-O 9. Bxc5 Nxc5 10. h3 f6 11. Ne2 Ne6 12. c3 c5 13. Qb3 Kh8 14. Rfe1 b6
15. Rad1 a5 16. d4 cxd4 17. cxd4 exd4 18. Nexd4 Nc5 19. Qa3 Qf7 20. b4 Na6 21.
b5 Nc5 22. Nb3 Nxb3 23. axb3 Bb7 24. Nd4 Rae8 25. f3 Qe7 26. Qxe7 Rxe7 27. Rc1
Rd8 28. Rc4 Kg8 29. Rec1 Rdd7 30. Kf2 Kf8 31. Ke3 Ke8 32. Ra4 Rd8 33. b4 axb4
34. Rxb4 g6 35. g4 Rd6 36. Ra1 Kd7 37. h4 Kc8 38. h5 Re5 39. hxg6 hxg6 40. Rc4
Rc5 41. Rac1 Rxc4 42. Rxc4 Rd7 43. Kf4 Rh7 44. g5 Rh4+ 45. Kg3 fxg5 46. Ne6 Rh7
47. Nxg5 Re7 48. Kf4 Kd7 49. Rd4+ Ke8 50. e5 Rd7 51. Rc4 Bd5 52. Rc3 Ke7 53.
Nh7 Be6 54. Kg5 Rd5 55. Rxc7+ Kd8 56. Rb7 Rxe5+ 57. Kf6 Bc8 58. Rxb6 1/2-1/2

[Event "BL 1213 SG Solingen - SF Katernberg"]
[Site "?"]
[Date "2013.04.07"]
[Round "15.8"]
[White "Hoffmann, Michael"]
[Black "Scholz, Christian"]
[Result "1/2-1/2"]
[WhiteElo "2474"]
[BlackElo "2389"]
[PlyCount "131"]
[EventDate "2013.??.??"]

1. d4 Nf6 2. c4 g6 3. Nc3 Bg7 4. e4 d6 5. h3 O-O 6. Bg5 Na6 7. Nf3 h6 8. Be3 e5
9. d5 Nc5 10. Nd2 a5 11. Be2 Bd7 12. O-O Nh7 13. Qc2 f5 14. exf5 Bxf5 15. Nde4
Nxe4 16. Nxe4 Qh4 17. f3 Ng5 18. Bd3 Nxe4 19. Bxe4 Kh7 20. c5 h5 21. Rac1 Bh6
22. Bxh6 Kxh6 23. Rfe1 Qg5 24. Kh1 Rf7 25. Qc3 Raf8 26. Bxf5 Rxf5 27. Qe3 Qxe3
28. Rxe3 Rf4 29. Rb3 e4 30. fxe4 Rxe4 31. Rxb7 Rf2 32. Rxc7 Ree2 33. Rg1 dxc5
34. Rxc5 a4 35. Rc4 Rxb2 36. Rxa4 Rfd2 37. Ra5 Kg5 38. Kh2 h4 39. a3 Ra2 40.
d6+ Kh6 41. Ra4 Kh5 42. Rg4 Rxd6 43. Rc1 Rxa3 44. Rc5+ Kh6 45. Rxh4+ Kg7 46.
Rc7+ Kf6 47. Rf4+ Kg5 48. Rcf7 Kh6 49. Rh4+ Kg5 50. Rg4+ Kh6 51. h4 Ra5 52. Rf8
Rda6 53. Rff4 g5 54. Rf8 Kg7 55. Rf3 Kh6 56. Rf8 Kg7 57. Rb8 Rg6 58. Rb7+ Kh6
59. Rb8 Kg7 60. Kh3 Ra3+ 61. g3 gxh4 62. Rb7+ Kh6 63. Rxh4+ Kg5 64. Rg4+ Kh6
65. Rh4+ Kg5 66. Rg4+ 1/2-1/2

[Event "BL 1213 OSG Baden Baden - SV Hockenheim"]
[Site "?"]
[Date "2013.04.07"]
[Round "15.1"]
[White "Karpov, Anatoly"]
[Black "Svidler, Peter"]
[Result "1/2-1/2"]
[WhiteElo "2616"]
[BlackElo "2747"]
[PlyCount "42"]
[EventDate "2013.??.??"]

1. d4 Nf6 2. Nf3 g6 3. g3 d5 4. Bg2 Bg7 5. O-O O-O 6. c4 c6 7. cxd5 cxd5 8. Nc3
Ne4 9. Ne5 Nxc3 10. bxc3 Nc6 11. Nxc6 bxc6 12. Qa4 Qb6 13. Ba3 Qa6 14. Qxa6
Bxa6 15. Rfe1 Rfe8 16. e3 Bf8 17. Bf1 Bxf1 18. Kxf1 Reb8 19. Reb1 e6 20. Bxf8
Kxf8 21. Rb3 Rb6 1/2-1/2

[Event "BL 1213 OSG Baden Baden - SV Hockenheim"]
[Site "?"]
[Date "2013.04.07"]
[Round "15.3"]
[White "Baramidze, David"]
[Black "Bacrot, Etienne"]
[Result "1/2-1/2"]
[WhiteElo "2615"]
[BlackElo "2705"]
[PlyCount "41"]
[EventDate "2013.??.??"]

1. d4 d5 2. c4 e6 3. Nc3 Nf6 4. cxd5 Nxd5 5. e4 Nxc3 6. bxc3 c5 7. Nf3 cxd4 8.
cxd4 Bb4+ 9. Bd2 Bxd2+ 10. Qxd2 O-O 11. Bc4 Nd7 12. O-O b6 13. Rfe1 Bb7 14. a4
Rc8 15. Bd3 a5 16. h3 h6 17. Rab1 Qe7 18. Bb5 Nf6 19. Bd3 Nd7 20. Bb5 Nf6 21.
Bd3 1/2-1/2

[Event "BL 1213 OSG Baden Baden - SV Hockenheim"]
[Site "?"]
[Date "2013.04.07"]
[Round "15.4"]
[White "Naiditsch, Arkadij"]
[Black "Koch, Wolfgang Max Dr"]
[Result "1-0"]
[WhiteElo "2704"]
[BlackElo "2309"]
[PlyCount "57"]
[EventDate "2013.??.??"]

1. c4 d6 2. Nc3 f5 3. d4 Nf6 4. Nf3 g6 5. g3 Bg7 6. Bg2 O-O 7. O-O c6 8. Qb3
Kh8 9. Rd1 Na6 10. Qa3 Qb6 11. Bd2 Qb4 12. Qxb4 Nxb4 13. Rac1 Na6 14. d5 Bd7
15. Ne1 cxd5 16. cxd5 Rfc8 17. Nd3 Nc5 18. Nxc5 Rxc5 19. Be3 Rcc8 20. h3 Ne8
21. Bd4 Bxd4 22. Rxd4 Nf6 23. Re1 Kg8 24. e4 fxe4 25. g4 h6 26. Bxe4 g5 27. f4
gxf4 28. Bd3 Re8 29. Bg6 1-0

[Event "BL 1213 OSG Baden Baden - SV Hockenheim"]
[Site "?"]
[Date "2013.04.07"]
[Round "15.5"]
[White "Boguslavsky, Oleg"]
[Black "Kasimdzhanov, Rustam"]
[Result "0-1"]
[WhiteElo "2445"]
[BlackElo "2690"]
[PlyCount "64"]
[EventDate "2013.??.??"]

1. e4 g6 2. d4 d6 3. Nc3 c6 4. g3 Bg7 5. Bg2 Nf6 6. Nge2 O-O 7. O-O e5 8. h3 b5
9. a3 Bb7 10. Bg5 Nbd7 11. d5 cxd5 12. Nxd5 Bxd5 13. exd5 Qc7 14. Nc3 a6 15.
Kh2 Nb6 16. Qe2 Nfd7 17. a4 b4 18. Na2 a5 19. c3 b3 20. Nc1 h6 21. Be3 Nc4 22.
Be4 Nf6 23. f3 Rab8 24. Bg1 Rfc8 25. Rd1 Nh5 26. Rb1 Qd7 27. Bd3 Qxa4 28. Bxc4
Qxc4 29. Qxc4 Rxc4 30. Ne2 Rb5 31. Ra1 Nf6 32. Ra3 a4 0-1

[Event "BL 1213 OSG Baden Baden - SV Hockenheim"]
[Site "?"]
[Date "2013.04.07"]
[Round "15.8"]
[White "Schlosser, Philipp"]
[Black "Wagner, Dennis"]
[Result "0-1"]
[WhiteElo "2579"]
[BlackElo "2456"]
[PlyCount "118"]
[EventDate "2013.??.??"]

1. c4 g6 2. Nc3 c5 3. g3 Bg7 4. Bg2 Nc6 5. Nf3 d6 6. O-O Bf5 7. d3 Qd7 8. Nd5
Nf6 9. Bd2 O-O 10. Bc3 e5 11. Nxf6+ Bxf6 12. Nd2 Bh3 13. Bxh3 Qxh3 14. e3 Bg7
15. Ne4 Qe6 16. Bd2 f5 17. Nc3 e4 18. Nd5 Rf7 19. f4 Bxb2 20. Rb1 Bg7 21. Rb3
exd3 22. Qb1 Qe4 23. Qxd3 Qxd3 24. Rxd3 Rd7 25. Kf2 Re8 26. Rc1 Re4 27. Kf3 Kf7
28. g4 Ne7 29. Nxe7 Kxe7 30. a4 Ke6 31. Rb3 Bf6 32. a5 Bd8 33. Be1 b6 34. Rd3
Bc7 35. Ra3 d5 36. axb6 axb6 37. cxd5+ Rxd5 38. Ra7 Kd7 39. gxf5 gxf5 40. Bf2
b5 41. Rg1 Re7 42. Bh4 Rf7 43. Rg8 Kc6 44. Re8 Kb6 45. Rea8 b4 46. Bf6 Rdd7 47.
Be5 Kb5 48. e4 Bxe5 49. Rxd7 Rxd7 50. fxe5 fxe4+ 51. Kxe4 Kc4 52. Ra1 b3 53. e6
Rc7 54. Rc1+ Kb4 55. Kd5 c4 56. Re1 c3 57. e7 Rd7+ 58. Ke6 Rxe7+ 59. Kxe7 c2
0-1

[Event "BL 1213 Turm Emsdetten - Schachfr. Berl"]
[Site "?"]
[Date "2013.04.07"]
[Round "15.1"]
[White "Melkumyan, Hrant"]
[Black "Giri, Anish"]
[Result "0-1"]
[WhiteElo "2649"]
[BlackElo "2730"]
[PlyCount "82"]
[EventDate "2013.??.??"]

1. d4 e6 2. c4 Bb4+ 3. Bd2 Bxd2+ 4. Qxd2 d5 5. Nf3 Nf6 6. g3 c6 7. Bg2 Nbd7 8.
O-O b6 9. Rc1 O-O 10. cxd5 cxd5 11. Qb4 a5 12. Qb3 b5 13. Nc3 Ba6 14. Nxb5 Bxb5
15. Qxb5 Rb8 16. Qa6 Rxb2 17. Ne1 Ne4 18. Bxe4 dxe4 19. Rc2 Rxc2 20. Nxc2 Nf6
21. Rb1 Nd5 22. Rb3 Qc8 23. Qxc8 Rxc8 24. Ne3 a4 25. Rb2 Rc1+ 26. Kg2 Nxe3+ 27.
fxe3 h5 28. Kf2 Ra1 29. h4 a3 30. Rb8+ Kh7 31. d5 exd5 32. Rb5 Rxa2 33. Rxd5 g6
34. Re5 f5 35. Re7+ Kg8 36. Ra7 Kf8 37. Ra6 Kf7 38. Kf1 Ke7 39. Kf2 Kd7 40.
Rxg6 Rb2 41. Ra6 a2 0-1

[Event "BL 1213 Turm Emsdetten - Schachfr. Berl"]
[Site "?"]
[Date "2013.04.07"]
[Round "15.2"]
[White "Grandelius, Nils"]
[Black "Schneider, Ilja"]
[Result "1/2-1/2"]
[WhiteElo "2593"]
[BlackElo "2489"]
[PlyCount "114"]
[EventDate "2013.??.??"]

1. d4 d5 2. c4 c6 3. Nf3 Nf6 4. Nc3 a6 5. a4 e6 6. g3 c5 7. cxd5 cxd4 8. Nxd4
Nxd5 9. Nc2 Nxc3 10. Qxd8+ Kxd8 11. bxc3 Bd7 12. Bg2 Bc6 13. O-O Bxg2 14. Kxg2
Nd7 15. Rb1 Kc7 16. Bf4+ e5 17. Be3 Bc5 18. Rfd1 Bxe3 19. Nxe3 Rad8 20. Rb4 Nc5
21. Rdb1 Kb8 22. Rc4 Ne6 23. Ng4 f6 24. Rc6 Rd1 25. Rxd1 bxc6 26. Rd6 Kc7 27.
Rd2 Rd8 28. Ra2 Rb8 29. h4 h5 30. Ne3 Rb3 31. Nf5 Rxc3 32. a5 Rb3 33. e3 Rb8
34. Rc2 Rb5 35. Ra2 e4 36. Ne7 Kd7 37. Ng6 Ke8 38. Rd2 Rd5 39. Rb2 Rb5 40. Rd2
Rxa5 41. Rd6 Kf7 42. Nh8+ Ke7 43. Rxc6 Kd7 44. Rb6 Nc5 45. Rb8 Ra2 46. Rg8 Nd3
47. Rxg7+ Ke6 48. g4 Rxf2+ 49. Kg1 Rd2 50. gxh5 Ne5 51. Ra7 Nf3+ 52. Kf1 Nxh4
53. Rxa6+ Kf5 54. Nf7 Nf3 55. Nd6+ Kg4 56. Nxe4 Nh2+ 57. Ke1 Nf3+ 1/2-1/2

[Event "BL 1213 Turm Emsdetten - Schachfr. Berl"]
[Site "?"]
[Date "2013.04.07"]
[Round "15.3"]
[White "Lauber, Arnd"]
[Black "Hector, Jonny"]
[Result "1/2-1/2"]
[WhiteElo "2465"]
[BlackElo "2539"]
[PlyCount "118"]
[EventDate "2013.??.??"]

1. d4 d5 2. c4 c6 3. Nc3 Nf6 4. e3 Bf5 5. cxd5 cxd5 6. Qb3 Nc6 7. Qxb7 Bd7 8.
Qb3 Rb8 9. Qd1 e5 10. Nf3 Bd6 11. dxe5 Nxe5 12. Be2 O-O 13. O-O Qe7 14. g3 Rfc8
15. Nxe5 Bxe5 16. Bf3 Rd8 17. Ne2 Bxb2 18. Bxb2 Rxb2 19. Qd4 Qa3 20. Rfb1 Rxb1+
21. Rxb1 h6 22. Nc3 Be6 23. Kg2 Qe7 24. Rb5 Qd7 25. Ra5 Rc8 26. h4 Rc4 27. Qe5
d4 28. Nd5 Bxd5 29. Bxd5 Rc2 30. Bf3 d3 31. Ra6 Qc7 32. Rd6 Rxa2 33. Qd4 Qc2
34. Rd8+ Kh7 35. Be4+ Nxe4 36. Qxe4+ g6 37. Qf3 Kg7 38. Rd7 Qc4 39. Rd6 Qc3 40.
Rd7 Qf6 41. Rxd3 Qxf3+ 42. Kxf3 h5 43. Rd7 Kf6 44. e4 Ke6 45. Rb7 f5 46. exf5+
Kxf5 47. Rf7+ Ke5 48. Re7+ Kf6 49. Rb7 Ra3+ 50. Kf4 Ra5 51. f3 Rf5+ 52. Ke4
Re5+ 53. Kf4 Re7 54. Rb5 a6 55. Ra5 Re6 56. g4 hxg4 57. fxg4 Rb6 58. h5 gxh5
59. gxh5 Rb4+ 1/2-1/2

[Event "BL 1213 Turm Emsdetten - Schachfr. Berl"]
[Site "?"]
[Date "2013.04.07"]
[Round "15.4"]
[White "Janssen, Ruud"]
[Black "Abel, Dennes"]
[Result "1-0"]
[WhiteElo "2483"]
[BlackElo "2437"]
[PlyCount "79"]
[EventDate "2013.??.??"]

1. d4 d5 2. c4 c6 3. Nc3 dxc4 4. e4 b5 5. a4 b4 6. Na2 Nf6 7. e5 Nd5 8. Bxc4 e6
9. Nf3 a5 10. Bd2 Ba6 11. Qe2 Bxc4 12. Qxc4 Nb6 13. Qc2 Qd5 14. Nc1 N8d7 15.
O-O c5 16. dxc5 Bxc5 17. Nd3 Rc8 18. Qb1 h6 19. b3 Be7 20. Nf4 Qb7 21. Qd3 g5
22. Ne2 Qd5 23. Qxd5 Nxd5 24. Rac1 Rxc1 25. Rxc1 Nc5 26. Ned4 Kd7 27. Kf1 Nd3
28. Rc6 Nc5 29. Be3 Ra8 30. Nd2 Rb8 31. Ke2 Nb6 32. f3 Rb7 33. Ne4 Na6 34. Nf6+
Bxf6 35. Rd6+ Kc8 36. exf6 Nb8 37. Nxe6 N6d7 38. Nd4 Rc7 39. Rd5 Nc6 40. Nb5
1-0

[Event "BL 1213 Turm Emsdetten - Schachfr. Berl"]
[Site "?"]
[Date "2013.04.07"]
[Round "15.5"]
[White "Berndt, Stephan"]
[Black "Burg, Twan"]
[Result "1-0"]
[WhiteElo "2443"]
[BlackElo "2502"]
[PlyCount "61"]
[EventDate "2013.??.??"]

1. e4 c5 2. Nf3 d6 3. d4 cxd4 4. Nxd4 Nf6 5. Nc3 a6 6. Bc4 e6 7. Bb3 Nbd7 8.
Bg5 Nc5 9. f4 Be7 10. Qf3 Qc7 11. f5 h6 12. Bh4 O-O 13. O-O Nxb3 14. axb3 Bd7
15. Rad1 b5 16. Kh1 Rae8 17. b4 Nh7 18. Bxe7 Rxe7 19. Qg3 Nf6 20. Qh4 Bc8 21.
Rf3 Bb7 22. Rg3 Kh7 23. Rdd3 Rg8 24. Rg5 g6 25. Rh3 h5 26. Rxg6 fxg6 27. Qxf6
Rgg7 28. fxg6+ Kg8 29. Rxh5 Qc8 30. Qh4 Kf8 31. Rh8+ 1-0